| 000 | 00451nam a22001577a 4500 | ||
|---|---|---|---|
| 999 |
_c18673 _d18673 |
||
| 008 | 210106b xxu||||| |||| 00| 0 eng d | ||
| 020 | _a1138610958 | ||
| 050 |
_aQA278 _b.S27 2019 c.1 |
||
| 100 | _aSarma, KVS | ||
| 245 |
_aMultivariate Statistics Made Simple _ba practical approach _cKVS Sarma |
||
| 260 |
_aLondon _bCRC Press _c2019 |
||
| 300 | _axvi, 242p. | ||
| 650 | _aMultivariate statistics | ||
| 700 | _aR Vishnu Vardhan | ||
| 942 |
_2lcc _cBK |
||